Estadísticas para Encuentra la Provincia Española Misteriosa usando Pistas de Color

Haz click aquí para intentar la prueba.

Estadísticas generales

  • Esta prueba ha sido intentada 4.754 veces
  • La puntuación promedio es 11 de 48

Respuestas en el mapa

Las respuestas están codificadas por una escala verde-roja en el mapa de la prueba según el % correcto abajo.
 

Estadísticas de respuestas

Provincias% Correcto
Madrid
67%
Barcelona
35%
Toledo
32%
Valencia
28%
Murcia
27%
Segovia
27%
Sevilla
27%
Ávila
25%
Ciudad Real
25%
Cuenca
25%
León
25%
Soria
25%
Asturias
24%
Zaragoza
24%
Alicante
23%
Cádiz
23%
Málaga
23%
Navarra
23%
Teruel
23%
Albacete
22%
Burgos
22%
Castellón
22%
Huesca
22%
La Coruña
22%
La Rioja
22%
Lugo
22%
Salamanca
22%
Valladolid
22%
Álava
21%
Badajoz
21%
Cáceres
21%
Cantabria
21%
Córdoba
21%
Gerona
21%
Granada
21%
Huelva
21%
Jaén
21%
Lérida
21%
Palencia
21%
Tarragona
21%
Zamora
21%
Almería
20%
Guipúzcoa
20%
Orense
20%
Pontevedra
20%
Vizcaya
20%
Guadalajara
19%
Islas Baleares
19%

Distribución de puntuación

Porcentaje por número respondido

Porcentaje de gente con cada puntuación

Historial de tus puntuaciones

No has intentado esta prueba.